Song preference and the behavior of the Grade 11 students of University of Rizal System Tanay Campus / (Record no. 16810)

MARC details
000 -LEADER
fixed length control field 01572nam a22003017i 4500
003 - CONTROL NUMBER IDENTIFIER
control field URS
005 - DATE AND TIME OF LATEST TRANSACTION
control field 20220117151113.0
008 - FIXED-LENGTH DATA ELEMENTS--GENERAL INFORMATION
fixed length control field 171205b xxu||||| |||| 00| 0 eng d
050 14 - LIBRARY OF CONGRESS CALL NUMBER
Classification number ML 3920
Item number So583 2017
245 00 - TITLE STATEMENT
Title Song preference and the behavior of the Grade 11 students of University of Rizal System Tanay Campus /
Statement of responsibility, etc. Jamaica M. Caliaga, Margie U, Alaman, Christian Joyces Berdusco, Mart Rolanne S.P. Desoloc
260 #1 - PUBLICATION, DISTRIBUTION, ETC.
Date of publication, distribution, etc. 2017.
300 ## - PHYSICAL DESCRIPTION
Extent xiv, 56 leaves :
Other physical details illustrations (some colour) ;
Dimensions 28cm
336 ## - CONTENT TYPE
Source rdacontent
Content type term text
336 ## - CONTENT TYPE
Source rdacontent
Content type term still image
337 ## - MEDIA TYPE
Source rdamedia
Media type term unmediated
338 ## - CARRIER TYPE
Source rdacarrier
Carrier type term volume
502 ## - DISSERTATION NOTE
Dissertation note Thesis
Degree type Bachelor of Science in Psychology
Name of granting institution University of Rizal System
Year degree granted 2017
504 ## - BIBLIOGRAPHY, ETC. NOTE
Bibliography, etc. note Includes bibliographic references
520 ## - SUMMARY, ETC.
Summary, etc. The primary aim of this study was to find out the song preference and behavior of the grade 11 students. Descriptive research was used in this study. The respondents were 61 who were currently enrolled in senior high school, self-made questionnaire checklist was used as the main instrument in gathering data frequency, percentage and weighted mean were used to analyze the data.
610 24 - SUBJECT ADDED ENTRY--CORPORATE NAME
Corporate name or jurisdiction name as entry element University of Rizal System
Geographic subdivision Tanay
650 #0 - SUBJECT ADDED ENTRY--TOPICAL TERM
Topical term or geographic name entry element High school seniors
Geographic subdivision Philippines
-- Rizal
-- Tanay
General subdivision Songs and music
700 1# - ADDED ENTRY--PERSONAL NAME
Personal name Calianga, Jamaica M.
Relator term author
700 1# - ADDED ENTRY--PERSONAL NAME
Personal name Alaman, Margie U.
Relator term author
700 1# - ADDED ENTRY--PERSONAL NAME
Personal name Berdusco, Christian Joyces
Relator term author
700 1# - ADDED ENTRY--PERSONAL NAME
Personal name Desoloc, Mart Rolanne S.P.
Relator term author
700 1# - ADDED ENTRY--PERSONAL NAME
Personal name Benitez, Regina V.
Relator term degree supervisor
942 ## - ADDED ENTRY ELEMENTS (KOHA)
Source of classification or shelving scheme Library of Congress Classification
Koha item type Theses and dissertations
Holdings
Withdrawn status Source of classification or shelving scheme Damaged status Not for loan Home library Current library Date acquired Total Checkouts Full call number Barcode Date last seen Price effective from Koha item type
  Library of Congress Classification     Tanay College Library Tanay College Library 12/05/2017   ML 3920 So583 2017 URSTAN-UGT4056 07/06/2023 12/05/2017 Theses and dissertations

University of Rizal System
Email us at univlibservices@urs.edu.ph

Visit our Website www.urs.edu.ph/library